[Event "Podolsk"]
[Site "Podolsk"]
[Date "1991.??.??"]
[Round "?"]
[White "Zaitsev, Igor A"]
[Black "Murrey, Jacob"]
[Result "1/2-1/2"]
[WhiteElo "2405"]
[BlackElo "2450"]

1.e4 e6 2.d4 d5 3.Nc3 Nf6 4.e5 Nfd7 5.f4 c5 6.Nf3 Nc6 7.Be3 Be7 8.Be2 cxd4
9.Nxd4 Nxd4 10.Bxd4 Nb8 11.Nb5 Nc6 12.Be3 O-O 13.O-O f6 14.exf6 Bxf6 15.c3 a6
16.Nd4 e5 17.fxe5 Nxe5 18.Qb3 Bg4 19.Rae1 Qd7 20.Bf4 Bxe2 21.Rxe2  1/2-1/2

[Event "Bohemians (Women)"]
[Site "Prague"]
[Date "1991.??.??"]
[Round "7"]
[White "Van Parreren, Hanneke"]
[Black "Horvath, Maria"]
[Result "0-1"]
[WhiteElo "2130"]
[BlackElo "2065"]

1.e4 e6 2.d4 d5 3.Nc3 Nf6 4.e5 Nfd7 5.f4 c5 6.Nf3 Nc6 7.Be3 cxd4 8.Nxd4 Bc5
9.Qd2 a6 10.O-O-O Bxd4 11.Bxd4 b5 12.Kb1 Nb6 13.Qf2 Nxd4 14.Qxd4 Bd7 15.Bd3 Rc8
16.Rhf1 Nc4 17.Ne2 g6 18.Ng1 b4 19.Nf3 Bb5 20.g4 h5 21.h3 hxg4 22.hxg4 Qc7
23.f5 gxf5 24.gxf5 Bd7 25.Rh1 Rf8 26.fxe6 Bxe6 27.Rh6 Kd7 28.Ng5 Rh8 29.Rxh8 Rxh8
30.Nxe6 Kxe6 31.Qg4+ Ke7 32.Qg5+ Ke8 33.e6 fxe6 34.Bg6+ Kd7 35.Qf6 Qe5 36.Qxe5 Nxe5
37.Bd3 a5 38.c4 d4 39.Be4 Nxc4 40.Rxd4+ Nd6 41.Kc2 Rh2+ 42.Kb3 Kc7 43.Bg6 Kc6
44.a3 Rh3+ 45.Rd3 Rxd3+ 46.Bxd3 Kc5 47.axb4+ axb4 48.Bg6 e5 49.Kc2 Nc4 50.Kb3 Ne3
51.Bf7 Nd5 52.Kc2 Kd4 53.Kd2 e4 54.b3 Nf4 55.Bg8 e3+ 56.Ke1 Ke4 57.Bc4 Kf3
58.Bb5 Ng2+ 59.Kd1 Kf2 60.Bc4 Nf4  0-1

[Event "Bohemians (Women)"]
[Site "Prague"]
[Date "1991.??.??"]
[Round "9"]
[White "Rogers, Catherine"]
[Black "Horvath, Maria"]
[Result "1-0"]
[WhiteElo "2035"]
[BlackElo "2065"]

1.e4 e6 2.d4 d5 3.Nc3 Nf6 4.e5 Nfd7 5.Nf3 c5 6.dxc5 Bxc5 7.Bd3 Nc6 8.Bf4 Qb6
9.O-O Qxb2 10.Nb5 Rb8 11.Rb1 Qxa2 12.Ra1 Qb2 13.Qd2 Bxf2+ 14.Qxf2 Qb4 15.Bd2 Qe7
16.Nd6+ Kf8 17.Ng5 f6 18.Ngf7 Ndxe5 19.Nxh8 Nxd3 20.Qg3 Nde5 21.Nxc8 Rxc8
22.Bc1 Kg8 23.Ba3 Qd8 24.Rab1 b6 25.Qh3 Qd7 26.Rb3 Kxh8 27.Qh4 Nc4 28.Bc1 N6e5
29.Rh3 g6 30.Qxf6+ Qg7 31.Qxe6 Rf8 32.Rxf8+ Qxf8 33.Qxd5 Qc5+ 34.Qxc5 bxc5
35.Bf4 Kg8 36.Bxe5 Nxe5 37.Rc3 Nd7 38.Ra3 Kf7  1-0

[Event "Salamanca"]
[Site "Salamanca"]
[Date "1991.??.??"]
[Round "3"]
[White "Martin Gonzalez, Angel"]
[Black "Hoffman, Alejandro"]
[Result "0-1"]
[WhiteElo "2445"]
[BlackElo "2415"]

1.e4 e6 2.d4 d5 3.Nc3 Nf6 4.e5 Nfd7 5.f4 c5 6.Nf3 Nc6 7.Be3 cxd4 8.Nxd4 Bc5
9.Qd2 O-O 10.O-O-O a6 11.h4 Bxd4 12.Bxd4 b5 13.Qe3 b4 14.Ne2 Qe7 15.h5 a5
16.Rh3 Ba6 17.Rg3 Bxe2 18.Qxe2 Nxd4 19.Rxd4 f6 20.Qe1 fxe5 21.fxe5 Nxe5 22.h6 g6
23.Bb5 Qf6 24.Rd2 Qf4 25.Re3 Nc4 26.Bxc4 Qxc4 27.b3 Qf4 28.Rxe6 Qxh6 29.Re7 Ra6
30.Qe5 Raf6 31.Qxd5+ Kh8 32.Qxa5 Rf1+  0-1

[Event "Santa Clara"]
[Site "Santa Clara"]
[Date "1991.??.??"]
[Round "5"]
[White "Diaz, Joaquin C"]
[Black "Borges Mateos, Juan"]
[Result "1-0"]
[WhiteElo "2430"]
[BlackElo "2385"]

1.e4 e6 2.d4 d5 3.Nc3 Nf6 4.e5 Nfd7 5.f4 c5 6.Nf3 Nc6 7.Be3 Be7 8.Be2 O-O
9.Qd2 a6 10.O-O b5 11.dxc5 Nxc5 12.Nd4 Bb7 13.Bd3 Rc8 14.Nxc6 Rxc6 15.Bd4 b4
16.Ne2 Ne4 17.Qe3 a5 18.Rac1 Qa8 19.c4 bxc3 20.bxc3 Ba6 21.Bxe4 dxe4 22.Qxe4 Bc4
23.Qc2 Qa6 24.Rfe1 Ba3 25.Rcd1 Rb8 26.Qd2 Qb5 27.Be3 Bxe2 28.Rxe2 Qc4 29.Bd4 Bb4
30.Qb2 Bd6 31.exd6 Rxb2 32.Rxb2 Rc8 33.Rdb1 Qc6 34.Rb8 h6 35.R1b6 Qe8 36.Rxc8 Qxc8
37.c4 Qd7 38.c5 Qa4 39.Be3 Qd1+ 40.Kf2 Qc2+ 41.Kf3 Qd1+ 42.Kf2 Qc2+ 43.Kg3 Qg6+
44.Kf3 Qh5+ 45.Kf2 Qh4+ 46.Kf1 Qh5 47.Rb1 Qd5 48.Rc1 e5 49.c6 exf4 50.Bxf4 Qe4
51.g3 g5 52.c7 Qh1+ 53.Kf2 Qxh2+ 54.Kf3 Qh5+ 55.g4  1-0

[Event "Santa Clara"]
[Site "Santa Clara"]
[Date "1991.??.??"]
[Round "10"]
[White "Diaz, Joaquin C"]
[Black "Ulibin, Mikhail"]
[Result "1/2-1/2"]
[WhiteElo "2430"]
[BlackElo "2565"]

1.e4 e6 2.d4 d5 3.Nc3 Nf6 4.e5 Nfd7 5.f4 c5 6.Nf3 Nc6 7.Be3 a6 8.Qd2 b5 9.dxc5 Bxc5
10.Qf2 Qb6 11.Bxc5 Nxc5 12.Bd3 Rb8 13.O-O Na4 14.Nxa4 bxa4 15.b3 Bd7 16.Kh1 Qxf2
17.Rxf2 Rb6 18.Rd2 Ke7 19.Kg1 f6 20.Re1 Nb4 21.Nd4 Nxa2 22.bxa4 Nc3 23.f5 fxe5
24.fxe6 exd4 25.exd7+ Kxd7 26.Bf5+ Kd6 27.Rxd4 Kc5 28.Rd3 Nxa4 29.Ra3 Nb2
30.Rea1 g6 31.Bg4 Nc4 32.Rxa6 Rxa6 33.Rxa6 Ne3 34.Bf3 Rd8 35.Ra7 h6 36.Kf2 Nf5
37.Ra5+ Kc4 38.Be2+ Kc3 39.Bd3 Rf8 40.Kg1 Ne3 41.Rc5+ Kd2 42.Rc6 g5 43.Rxh6 Nxc2
44.Bxc2 Kxc2 45.Rd6 Rf5 46.g4 Re5 47.h4 Kd3 48.hxg5 Rxg5 49.Kf2 Ke4 50.Re6+ Kf4
51.Ke2 Rxg4 52.Kd3 Kf5 53.Re8 Re4 54.Rf8+ Ke5 55.Re8+  1/2-1/2

[Event "SCO-ch"]
[Site "SCO"]
[Date "1991.??.??"]
[Round "7"]
[White "Swan, Iain"]
[Black "Muir, Andrew J"]
[Result "0-1"]
[WhiteElo "2330"]
[BlackElo "2425"]

1.e4 e6 2.d4 d5 3.Nc3 Nf6 4.e5 Nfd7 5.f4 c5 6.Nf3 Nc6 7.Be3 a6 8.Qd2 b5 9.dxc5 Bxc5
10.O-O-O Qe7 11.h4 Nb6 12.Qf2 Bxe3+ 13.Qxe3 Rb8 14.Nd4 Nxd4 15.Qxd4 b4 16.Nb1 a5
17.Rh3 O-O 18.Nd2 Nd7 19.Nf3 Nc5 20.Bd3 Bd7 21.g4  0-1

[Event "Belavenets mem op"]
[Site "Smolensk"]
[Date "1991.??.??"]
[Round "?"]
[White "Novik, Maxim"]
[Black "Nikolenko, Oleg"]
[Result "1/2-1/2"]
[WhiteElo "2405"]
[BlackElo "2450"]

1.e4 e6 2.d4 d5 3.Nc3 Nf6 4.e5 Nfd7 5.f4 c5 6.Nf3 Nc6 7.Be3 cxd4 8.Nxd4 Qb6
9.Qd2 Qxb2 10.Rb1 Qa3 11.Bb5 Nxd4 12.Bxd4 Bb4 13.O-O O-O 14.Rb3 Qa5 15.Rfb1 Bc5
16.Qf2 Bxd4 17.Qxd4 Qb6 18.Qxb6  1/2-1/2

[Event "Belavenets mem op"]
[Site "Smolensk"]
[Date "1991.??.??"]
[Round "?"]
[White "Maljutin, Evgeni"]
[Black "Shliahtin, IE."]
[Result "1-0"]
[WhiteElo "2435"]
[BlackElo "2310"]

1.e4 e6 2.d4 d5 3.Nc3 Nf6 4.e5 Nfd7 5.Nce2 c5 6.c3 Nc6 7.Nf3 Qb6 8.g3 cxd4
9.cxd4 f6 10.exf6 Nxf6 11.Bg2 Bb4+ 12.Bd2 Ne4 13.Bc3 O-O 14.O-O Bd7 15.Bxb4 Qxb4
16.Qd3 Rac8 17.Nc3 Nxc3 18.bxc3 Qa3 19.Rfc1 b5 20.Ng5 g6 21.h4 b4 22.Qd2 bxc3
23.Rxc3 Qb4 24.Rd1 a5 25.a3 Qb6 26.h5 Ne7 27.hxg6 hxg6 28.Rxc8 Bxc8 29.Nf3 Qb3
30.Ne5 Qxa3 31.Qh6 Rf6 32.g4 Qa4 33.Rd3 Qc2 34.Rh3 Qxf2+ 35.Kh1  1-0

[Event "Belavenets mem op"]
[Site "Smolensk"]
[Date "1991.??.??"]
[Round "?"]
[White "Golod, Vitali"]
[Black "Nikolenko, Oleg"]
[Result "1/2-1/2"]
[WhiteElo "2310"]
[BlackElo "2450"]

1.e4 e6 2.d4 d5 3.Nc3 Nf6 4.e5 Nfd7 5.f4 c5 6.Nf3 Nc6 7.Be3 cxd4 8.Nxd4 Qb6
9.Qd2 Qxb2 10.Rb1 Qa3 11.Bb5 Nxd4 12.Bxd4 Bb4 13.O-O O-O 14.f5 exf5 15.Rf3 Bc5
16.Nxd5 Bxd4+ 17.Qxd4 Qc5 18.c3 Kh8 19.Rd3 Rb8 20.Kh1 Qxd4 21.cxd4 Rd8 22.Rc1 Nf8
23.Nc7 Ng6 24.Bc4 a6 25.Rdd1 Kg8 26.e6 Kf8 27.exf7 Nh8 28.Ne6+ Bxe6 29.Bxe6 Nxf7
30.Bxf5 g6 31.Bg4 h5 32.Bh3 Ng5 33.Rc7 Rd6 34.Bc8 Ne6 35.Bxe6 Rxe6 36.d5 Re7
37.d6 Rf7 38.d7 Rd8 39.Rxb7 Rf2 40.h4 Rxa2 41.Rd6 Ra4 42.g3 Rg4  1/2-1/2

[Event "Rilton Cup"]
[Site "Stockholm"]
[Date "1991.??.??"]
[Round "3"]
[White "Winge, Stefan"]
[Black "Nordstrom, Felix"]
[Result "1-0"]
[WhiteElo "2300"]
[BlackElo "2225"]

1.e4 e6 2.d4 d5 3.Nc3 Nf6 4.e5 Nfd7 5.f4 c5 6.Nf3 Nc6 7.Be3 cxd4 8.Nxd4 Bc5
9.Qd2 a6 10.Be2 Qc7 11.O-O b5 12.Bg4 Nxd4 13.Bxd4 b4 14.Ne2 a5 15.Bxc5 Qxc5+
16.Nd4 O-O 17.Kh1 Re8 18.Rae1 Nb6 19.b3 a4 20.f5 exf5 21.Bxf5 g6 22.e6 fxe6
23.Bxg6 hxg6 24.Qh6 Rf8 25.Qxg6+ Kh8 26.Rf6 Ra7 27.Qh6+ Kg8 28.Rg6+ Kf7 29.Nxe6 Bxe6
30.Rexe6  1-0

[Event "Teteven op"]
[Site "Teteven"]
[Date "1991.??.??"]
[Round "2"]
[White "Latinov, Georgi"]
[Black "Banchev, Borislav"]
[Result "0-1"]
[WhiteElo "2235"]
[BlackElo "2245"]

1.e4 e6 2.d4 d5 3.Nc3 Nf6 4.e5 Nfd7 5.f4 c5 6.Nf3 Nc6 7.Be3 a6 8.a3 b5 9.dxc5 Bxc5
10.Nd4 Qb6 11.Nce2 b4 12.axb4 Qxb4+ 13.Kf2 Nxd4 14.c3 Qxb2 15.cxd4 Be7 16.Rb1 Qa3
17.h4 O-O 18.Rh3 Qa5 19.Ng3 Qd8 20.Kg1 a5 21.Bd3 f5 22.exf6 Nxf6 23.Nh5 Ne4
24.Ng3 e5 25.Nxe4 Bxh3 26.gxh3 exf4 27.Ng5 Bxg5 28.Qh5 Bh6 29.Bf2 a4 30.Bc2 Kh8
31.Qf3 Qd6 32.h5 Bg5 33.h4 Bd8  0-1

[Event "Torcy op-B"]
[Site "Torcy"]
[Date "1991.??.??"]
[Round "?"]
[White "Devaux, N."]
[Black "Giboyau, A."]
[Result "0-1"]
[WhiteElo "1640"]
[BlackElo "1650"]

1.e4 e6 2.d4 d5 3.Nc3 Nf6 4.e5 Nfd7 5.Nf3 c5 6.dxc5 Bxc5 7.Bd3 O-O 8.Bxh7+ Kh8
9.Ng5 g6 10.Qg4 Nxe5 11.Qh4 Kg7 12.Nxe6+ fxe6 13.Qh6+ Kf7 14.Bg5 Be7 15.Bxg6+ Nxg6
16.Qh7+ Ke8 17.Qxg6+ Kd7 18.f4 Nc6 19.O-O-O Bxg5 20.fxg5 Ne7 21.Qg7 Rg8 22.Qe5 Nc6
23.Qf6 Rxg5 24.Qxd8+ Kxd8 25.Rdg1 Kc7 26.h4 Rg3 27.h5 Bd7 28.h6 Rh8 29.Kd2 Rg6
30.Nb5+ Kb6 31.Nd6 Rhxh6 32.Rxh6 Rxh6 33.g4 Rh7 34.g5 a6 35.c4 Rg7 36.Ke3 Kc7
37.c5 b6 38.g6 bxc5 39.Nf7 Be8 40.Nh8  0-1

[Event "Val Thorens op"]
[Site "Val Thorens"]
[Date "1991.??.??"]
[Round "?"]
[White "Ciolac, Gheorghe"]
[Black "Lupu, Mircea Sergiu"]
[Result "0-1"]
[WhiteElo "2445"]
[BlackElo "2430"]

1.e4 e6 2.d4 d5 3.Nc3 Nf6 4.e5 Nfd7 5.f4 c5 6.Nf3 Nc6 7.Be3 cxd4 8.Nxd4 Bc5
9.Qd2 Bxd4 10.Bxd4 Nxd4 11.Qxd4 Qb6 12.O-O-O Qxd4 13.Rxd4 Nb8 14.Be2 Nc6
15.Rd2 Bd7 16.Re1 Ke7 17.Nb5 Nb4 18.Kb1 Bxb5 19.Bxb5 Rac8 20.Re3 Rc5 21.Be2 Rc7
22.a3 Nc6 23.b3 Rhc8 24.Kb2 h6 25.g3 Nb8 26.h4 Nd7 27.Bd1 Nc5 28.Bf3 b5 29.Rd4 Nd3+  0-1

[Event "Vrnjacka Banja"]
[Site "Vrnjacka Banja"]
[Date "1991.??.??"]
[Round "3"]
[White "Mitkov, Nikola"]
[Black "Marinkovic, Slavisa"]
[Result "0-1"]
[WhiteElo "2370"]
[BlackElo "2335"]

1.e4 e6 2.d4 d5 3.Nc3 Nf6 4.e5 Nfd7 5.f4 c5 6.Nf3 Nc6 7.Be3 cxd4 8.Nxd4 Bc5
9.Qd2 O-O 10.O-O-O Bxd4 11.Bxd4 a6 12.Bg1 b5 13.Kb1 b4 14.Na4 a5 15.Bb5 Qc7
16.Qe2 Bb7 17.h4 Ncb8 18.h5 Ba6 19.Bd3 Qc6 20.b3 Bxd3 21.Rxd3 Na6 22.Rg3 Rac8
23.Bd4 Kh8 24.f5 Nac5 25.Nxc5 Nxc5 26.f6 gxf6 27.exf6 Ne4 28.Rg7 e5 29.Bxe5 Rfe8
30.Qg4 Qxc2+ 31.Ka1 Nc3 32.Rxh7+ Qxh7 33.h6 Qg6 34.Qxg6 fxg6 35.Re1 Rxe5
36.Rxe5 Rf8 37.Re6 Kh7  0-1

[Event "Hoogovens-B"]
[Site "Wijk aan Zee"]
[Date "1991.??.??"]
[Round "10"]
[White "Nijboer, Friso"]
[Black "Kuijf, Marinus"]
[Result "0-1"]
[WhiteElo "2455"]
[BlackElo "2440"]

1.e4 e6 2.d4 d5 3.Nc3 Nf6 4.e5 Ne4 5.Nce2 f6 6.f3 Ng5 7.Bxg5 fxg5 8.Qd2 c5
9.h4 gxh4 10.f4 c4 11.Nf3 Be7 12.c3 Nc6 13.g3 hxg3 14.Qc2 Kd7 15.Rxh7 Qg8
16.Rxh8 Qxh8 17.Bg2 Kc7 18.Qg6 Bd7 19.O-O-O Rf8 20.Rh1 Qg8 21.Qxg3 Be8 22.Qg4 Nd8
23.Bf1 g5 24.Nxg5 Kb8 25.Bh3 Bd7 26.Nf3 Qh7 27.Bg2 Qd3 28.Ne1 Qe3+ 29.Kb1 Ba4
30.Bf3 Bd1 31.Ng2 Qd3+ 32.Ka1 Qd2 33.Re1 Ba3 34.bxa3 Bb3 35.axb3 cxb3 36.Nc1 Qxc3+
37.Kb1 Qc2+  0-1

[Event "Zalakaros op"]
[Site "Zalakaros"]
[Date "1991.??.??"]
[Round "4"]
[White "Gazik, Igor"]
[Black "Sinkovics, Peter"]
[Result "1-0"]
[WhiteElo "2395"]
[BlackElo "2370"]

1.e4 e6 2.d4 d5 3.Nc3 Nf6 4.e5 Nfd7 5.f4 c5 6.Nf3 Nc6 7.Be3 a6 8.Qd2 b5 9.Qf2 Qb6
10.Bd3 cxd4 11.Nxd4 Nxd4 12.Bxd4 Bc5 13.Bxc5 Qxc5 14.Qxc5 Nxc5 15.b4 Na4
16.Ne2 f6 17.Kd2 Bd7 18.Nd4 fxe5 19.fxe5 O-O 20.Rhf1 Rae8 21.Ke3 Rxf1 22.Rxf1 Re7
23.Nf3 h6 24.h4 Be8 25.g4 Rf7 26.Rg1 Nc3 27.g5 Kf8 28.a3 Ke7 29.gxh6 gxh6
30.Nd4 Bd7 31.Nb3 Bc8 32.Rg8 Rf8 33.Rg6 Nb1 34.Rxh6 Nxa3 35.Rh7+ Rf7 36.Rxf7+ Kxf7
37.Kd4 Nc4 38.c3 Nb6 39.Nd2 Na4 40.Nf1 Bd7 41.Ne3 Kg7 42.Ng4 Be8 43.Nf6 Bg6
44.Bxg6 Kxg6 45.Nd7 Kf5 46.h5  1-0

[Event "Wuerttemberg-ch"]
[Site "Zell"]
[Date "1991.??.??"]
[Round "5"]
[White "Holzhaeuer, Mathias"]
[Black "Hoensch, Matthias"]
[Result "1/2-1/2"]
[WhiteElo "2325"]
[BlackElo "2325"]

1.e4 e6 2.d4 d5 3.Nc3 Nf6 4.e5 Nfd7 5.f4 c5 6.Nf3 Nc6 7.Be3 cxd4 8.Nxd4 Bc5
9.Qd2 O-O 10.O-O-O a6 11.h4 Bxd4 12.Bxd4 b5 13.Ne2 b4 14.Bf2 Qa5 15.Kb1 Nc5
16.Bxc5 Qxc5 17.Nd4 Nxd4 18.Qxd4 Qxd4 19.Rxd4 a5 20.Rh3 Ba6 21.Bxa6 Rxa6
22.Rb3 Rc6 23.a3 Rfc8 24.axb4 axb4 25.Rdxb4 Rxc2 26.Rb8 h5 27.R3b7 Rc1+ 28.Ka2 Rc4
29.b3 Rc2+ 30.Kb1 Rc1+ 31.Ka2 Rc2+ 32.Kb1  1/2-1/2

[Event "Altensteig"]
[Site "Altensteig"]
[Date "1992.??.??"]
[Round "4"]
[White "Luther, Thomas"]
[Black "Mueller, Karsten"]
[Result "1/2-1/2"]
[WhiteElo "2435"]
[BlackElo "2490"]

1.e4 e6 2.d4 d5 3.Nc3 Nf6 4.e5 Nfd7 5.f4 c5 6.Nf3 Nc6 7.Be3 cxd4 8.Nxd4 Bc5
9.Qd2 Nxd4 10.Bxd4 Bxd4 11.Qxd4 Qb6 12.Qxb6 Nxb6 13.Nb5 Ke7 14.a4 Bd7 15.a5 Bxb5
16.Bxb5 Nd7 17.b4 Rac8 18.Kd2 g5 19.Bxd7 Kxd7 20.fxg5 Rc4 21.Rhf1 Ke7 22.Rf3 Rg4
23.Raf1 Rf8 24.Rc3 Kd7 25.g3 Rxg5 26.Rcf3 Ke7 27.Rc3 Kd7 28.Re3 Rg4 29.Ref3 Ke7
30.Rc3 Kd7 31.Rcf3 Ke7 32.Rc3 Kd7 33.Rcf3  1/2-1/2

[Event "Aruba"]
[Site "Aruba"]
[Date "1992.??.??"]
[Round "9"]
[White "Sax, Gyula"]
[Black "Gulko, Boris F"]
[Result "1/2-1/2"]
[WhiteElo "2600"]
[BlackElo "2560"]

1.e4 e6 2.d4 d5 3.Nc3 Nf6 4.e5 Nfd7 5.Nce2 c5 6.c3 b5 7.f4 b4 8.cxb4 cxb4
9.Nf3 Be7 10.f5 exf5 11.Nf4 O-O 12.Nxd5 Nb6 13.Nxe7+ Qxe7 14.Bd3 Be6 15.O-O Nc6
16.Be3 Nd5 17.Qd2 Nxe3 18.Qxe3 Rad8 19.Rac1 Qb7 20.Rc5 Ne7 21.Rfc1 Rc8 22.Bc4 Nd5
23.Qf2 h6 24.Nh4 Qd7 25.h3 Rxc5 26.dxc5 Ne7 27.Nf3 Rd8 28.b3 Bxc4 29.Rxc4 Nc6
30.Rc2 Qe7 31.Qe2 Rd5 32.Qc4 Rd1+ 33.Kf2 Qd7 34.Re2 Rd5 35.Kg1 g5 36.Re1 a5
37.Re2 Kg7 38.Re1 Kf8 39.Qc2 Kg8 40.Re2 g4 41.hxg4 fxg4 42.e6 Qe7 43.Nh2 Nd4
44.exf7+ Qxf7 45.Nxg4 Kf8 46.Nxh6 Nxe2+ 47.Qxe2 Qf4 48.Ng4 Rd2 49.Qe1 Rxa2
50.Ne5 Kg7  1/2-1/2

[Event "BUL-chT (Women)"]
[Site "Bankia"]
[Date "1992.??.??"]
[Round "?"]
[White "Shikova, Vesmina W"]
[Black "Koen, Maja"]
[Result "0-1"]
[WhiteElo "2145"]
[BlackElo "2225"]

1.e4 e6 2.d4 d5 3.Nc3 Nf6 4.e5 Nfd7 5.f4 c5 6.Nf3 Nc6 7.Be3 cxd4 8.Nxd4 Bc5
9.Qd2 Bxd4 10.Bxd4 Nxd4 11.Qxd4 Qb6 12.Qxb6 Nxb6 13.O-O-O Ke7 14.Bd3 Bd7
15.Nb5 Bxb5 16.Bxb5 Rac8 17.Bd3 g6 18.Kb1 Na4 19.c3 Nc5 20.Bc2 h6 21.Rd4 Nd7
22.Re1 a6 23.Re3 Nb8 24.Rd2 Nc6 25.Rf2 h5 26.g3 Rhd8 27.Re1 b5 28.Rd2 Rb8
29.a3 Rdc8 30.Bb3 Na5 31.Ba2 Nc4 32.Bxc4 bxc4 33.h4 Rf8 34.Ka2 Kd7 35.Kb1 Kc6
36.Rd4 Rbe8 37.Rd2 Kc5 38.Kc2 Rd8 39.Rd4 Rb8 40.Rb1 Rb3 41.Rd2 Rfb8 42.Rd4 Kc6
43.Rd2 Kd7 44.Rd4 Ke7 45.Rd2 R8b5 46.Kc1 f6 47.Rd4 Rb8 48.Kc2 Kf8 49.Rd2 R8b7
50.Rd4 Kg7 51.exf6+ Kxf6 52.Rd2 R7b6 53.Rdd1 Kf5 54.Rg1 Kg4 55.Rg2 d4 56.cxd4 c3
57.Rgg1 cxb2 58.Rg2 Rxg3 59.Rxg3+ Kxg3  0-1

[Event "Bankia tt"]
[Site "Bankia"]
[Date "1992.??.??"]
[Round "3"]
[White "Zahariev, Zahari"]
[Black "Dimitrov, Vladimir"]
[Result "1/2-1/2"]
[WhiteElo "2365"]
[BlackElo "2405"]

1.e4 e6 2.d4 d5 3.Nc3 Nf6 4.e5 Nfd7 5.f4 c5 6.Nf3 Nc6 7.Be3 Qb6 8.a3 cxd4
9.Nxd4 Bc5 10.Ncb5 Nxd4 11.Bxd4 O-O 12.b4 Bxd4 13.Qxd4 f6 14.exf6 Rxf6 15.g3 Qc6
16.Nc3 a5 17.Bb5 Qb6 18.Qxb6 Nxb6 19.O-O axb4 20.axb4 Rxa1 21.Rxa1 h6 22.Na4 Nxa4
23.Rxa4 g5 24.Ra8 Rf8 25.c3  1/2-1/2

[Event "Belgrade"]
[Site "Belgrade"]
[Date "1992.??.??"]
[Round "11"]
[White "Arakhamia, Ketevan"]
[Black "Maric, Mirjana"]
[Result "1-0"]
[WhiteElo "2445"]
[BlackElo "2265"]

1.e4 e6 2.d4 d5 3.Nc3 Nf6 4.e5 Nfd7 5.f4 c5 6.Nf3 Nc6 7.Be3 cxd4 8.Nxd4 Bc5
9.Qd2 a6 10.O-O-O O-O 11.h4 Bxd4 12.Bxd4 b5 13.h5 b4 14.Na4 Qa5 15.b3 Nxd4
16.Qxd4 Bb7 17.f5 Bc6 18.f6 gxf6 19.exf6 Kh8 20.Bd3 Bxa4 21.Qf4 Qd8 22.Qh6 Nxf6
23.bxa4 Qe7 24.Rhf1 Ne4 25.Bxe4 dxe4 26.Rd7 Qh4 27.Rdxf7 Rxf7 28.Rxf7 Qe1+
29.Kb2 Qc3+ 30.Kb1 Qe1+ 31.Kb2 Qc3+ 32.Kb1 Qe1+ 33.Qc1 Qxc1+ 34.Kxc1 Rg8
35.Re7 Rxg2 36.Rxe6 Kg7 37.Rxa6 Rh2 38.Re6 Rxh5 39.Rxe4 Rh1+ 40.Kb2 h5 41.a5 Rd1
42.Rxb4 Rd8 43.Kb3 Rh8 44.a6 Kg6 45.Ka4 Kg5 46.a7 Ra8 47.Rb7 h4 48.Ka5 Kg4
49.Rh7 Rc8 50.Kb6  1-0

[Event "Bern op"]
[Site "Bern"]
[Date "1992.??.??"]
[Round "9"]
[White "Namyslo, Holger"]
[Black "Landenbergue, Claude"]
[Result "0-1"]
[WhiteElo "2225"]
[BlackElo "2410"]

1.e4 e6 2.d4 d5 3.Nc3 Nf6 4.e5 Ne4 5.Bd3 Nxc3 6.bxc3 c5 7.Nf3 Be7 8.O-O O-O
9.Re1 Nc6 10.dxc5 f5 11.Qd2 Bxc5 12.Qf4 Qe8 13.Rb1 b6 14.Be3 Bd7 15.c4 Ne7
16.Bxc5 bxc5 17.cxd5 Nxd5 18.Qh4 Bc6 19.Rb3 Nb6 20.Bc4 Nxc4 21.Qxc4 Bd5 22.Qxc5 Bxb3
23.cxb3 Qd7 24.h4 Rac8 25.Qa3 Rc2 26.Rc1 Rfc8 27.Rxc2 Rxc2 28.Qa6 h6 29.h5 Kh7
30.b4 Rc1+ 31.Kh2 Qf7 32.g3 Qxh5+ 33.Nh4 Qd1  0-1

[Event "Bled op"]
[Site "Bled"]
[Date "1992.??.??"]
[Round "7"]
[White "Mencinger, Vojko"]
[Black "Rogulj, Branko"]
[Result "0-1"]
[WhiteElo "2365"]
[BlackElo "2435"]

1.e4 e6 2.d4 d5 3.Nc3 Nf6 4.e5 Nfd7 5.f4 c5 6.Nf3 Nc6 7.Be3 cxd4 8.Nxd4 Qb6
9.Qd2 Qxb2 10.Rb1 Qa3 11.Bb5 Nxd4 12.Bxd4 Bb4 13.Rb3 Qa5 14.a3 Be7 15.f5 b6
16.O-O Ba6 17.Bxa6 Qxa6 18.Nb5 O-O-O 19.fxe6 Nc5 20.Rxf7 Nxb3 21.Qe2 Kb8
22.cxb3 Rhe8 23.a4 Qc8 24.h3 Qxe6 25.Rxg7 Rg8 26.Rxh7 Rc8 27.a5 Rc1+ 28.Kh2 Qg6
29.Rxe7 Qg3+  0-1

[Event "Bogota Lat Cup"]
[Site "Bogota"]
[Date "1992.??.??"]
[Round "4"]
[White "Gutierrez, Jose Antonio"]
[Black "Diaz, Ricardo"]
[Result "1-0"]
[WhiteElo "2310"]
[BlackElo "2370"]

1.e4 e6 2.d4 d5 3.Nc3 Nf6 4.e5 Nfd7 5.f4 c5 6.Nf3 Nc6 7.Ne2 Qb6 8.c3 cxd4
9.Nexd4 Bc5 10.Be2 O-O 11.O-O f6 12.Kh1 Re8 13.exf6 Nxf6 14.Bd3 Kh8 15.Nb3 Bd6
16.Ng5 Qc7 17.Nxh7 Nxh7 18.Bxh7 Qf7 19.Qd3 Ne7 20.Qh3 e5 21.f5 Qf6 22.Bg6+ Kg8
23.Qh7+ Kf8 24.Bg5  1-0

[Event "Bratislava op"]
[Site "Bratislava"]
[Date "1992.??.??"]
[Round "5"]
[White "Lipka, Juraj"]
[Black "Tibensky, Robert"]
[Result "1-0"]
[WhiteElo "2310"]
[BlackElo "2410"]

1.e4 e6 2.d4 d5 3.Nc3 Nf6 4.e5 Nfd7 5.f4 c5 6.Nf3 Nc6 7.Be3 a6 8.Qd2 b5 9.dxc5 Bxc5
10.Bxc5 Nxc5 11.Bd3 Qb6 12.Qf2 b4 13.Ne2 a5 14.O-O Ba6 15.Kh1 g6 16.Rac1 Na4
17.Qh4 Qd8 18.Qh6 Qe7 19.Qg7 Qf8 20.Qf6 Nc5 21.Bxa6 Rxa6 22.c4 bxc3 23.Nxc3 Nd7
24.Qg5 h6 25.Qg3 Qb4 26.Nxd5 exd5 27.e6 fxe6 28.Qxg6+ Kd8 29.Qxe6 Qb5 30.a4 Qxa4
31.Ne5 Ndxe5 32.fxe5 Kc7 33.Qd6+ Kb7 34.e6 Qb4 35.Qd7+  1-0

[Event "Spring op"]
[Site "Budapest"]
[Date "1992.??.??"]
[Round "?"]
[White "Torok, Jozsef"]
[Black "Monin, Nikolay"]
[Result "1-0"]
[WhiteElo "2280"]
[BlackElo "2405"]

1.e4 e6 2.d4 d5 3.Nc3 Nf6 4.e5 Nfd7 5.f4 c5 6.Nf3 Nc6 7.Be3 Be7 8.Qd2 cxd4
9.Nxd4 Nxd4 10.Bxd4 Nb8 11.a3 Nc6 12.Bf2 O-O 13.Bd3 f6 14.exf6 Bxf6 15.O-O a6
16.Na4 Rb8 17.Bb6 Qd7 18.c3 Qf7 19.Rae1 Re8 20.Bc2 g6 21.Bb3 Ra8 22.Re2 Ne7
23.Nc5 Nf5 24.g4 Nh4 25.Qe1 Bd7 26.g5 Bb5 27.gxf6 Bxe2 28.Qxe2 Qxf6 29.Nd7 Qe7
30.Ba4 Rec8 31.Qe5 Rc4 32.Bd4 Rxd4 33.cxd4 b5 34.Nf6+ Kf7 35.Nxh7 Kg8 36.Ng5 bxa4
37.Nxe6 Re8 38.Nc7 Qxe5 39.fxe5 Rb8 40.Rf2 Rb3 41.e6 Re3 42.Rf4 Nf5 43.Kf2 Re4
44.Rxe4 dxe4 45.e7 Nxe7 46.Ke3 a5 47.Kxe4 Kf7 48.Nd5 Nf5 49.Nb6 Ke6 50.Nc4 Ne7
51.Nxa5 Nd5 52.Nc4 Nf6+ 53.Kd3 Nd5 54.Ne3  1-0

[Event "Wch U20"]
[Site "Buenos Aires"]
[Date "1992.??.??"]
[Round "?"]
[White "Markovic, Miroljub"]
[Black "Escobedo Tinajero, Alberto"]
[Result "1/2-1/2"]
[WhiteElo "2270"]
[BlackElo "2265"]

1.e4 e6 2.d4 d5 3.Nc3 Nf6 4.e5 Nfd7 5.Nce2 c5 6.c3 Nc6 7.f4 f6 8.Nf3 Be7
9.Ng3 cxd4 10.cxd4 Qb6 11.a3 O-O 12.Bd3 fxe5 13.fxe5 Rxf3 14.Qxf3 Qxd4 15.Ne2 Qxe5
16.O-O Nf6 17.Bf4 Qh5 18.Ng3 Qxf3 19.gxf3 e5 20.Be3 Bh3 21.Rfe1 g6 22.Rac1 Rc8
23.Bc5 Bxc5+ 24.Rxc5 Rd8 25.Ne2 e4 26.fxe4 Ne5 27.Rd1 Nfg4 28.Nd4 Nxd3 29.Rxd3 dxe4
30.Rxh3 Rxd4 31.Rb3 Rd7 32.h3 Nf6 33.Kf2 b6 34.Re5 Kf7 35.Ke2 Rd5 36.Rb5 Rd6
37.a4 Rd3 38.Rxe4 Rxh3 39.Rc4 Rh2+ 40.Kf3 Rh3+ 41.Kg2 Rd3 42.a5 Nd5 43.Kf2 a6
44.axb6 axb5 45.b7 bxc4 46.b8=Q Rb3 47.Qe5 Nb6 48.Ke1 h5 49.Kd1 Rd3+ 50.Kc2 Nd5
51.Qe4 Ne3+ 52.Kb1 Kf6 53.Qf4+ Kg7 54.Ka2 Rb3 55.Qe5+ Kf7 56.Qf4+ Kg7  1/2-1/2

[Event "Wch U20"]
[Site "Buenos Aires"]
[Date "1992.??.??"]
[Round "?"]
[White "De la Riva Aguado, Oscar"]
[Black "Escobedo Tinajero, Alberto"]
[Result "1/2-1/2"]
[WhiteElo "2400"]
[BlackElo "2265"]

1.e4 e6 2.d4 d5 3.Nc3 Nf6 4.e5 Nfd7 5.f4 c5 6.Nf3 a6 7.Be3 Nc6 8.Qd2 b5 9.dxc5 b4
10.Ne2 Bxc5 11.Bxc5 Nxc5 12.Ned4 Nxd4 13.Qxd4 Qb6 14.Bd3 Bd7 15.O-O Bb5 16.Kh1 Bxd3
17.cxd3 Na4 18.Qxb6 Nxb6 19.a3 b3 20.a4 Rb8 21.Nd4 O-O 22.Rfc1 Rb7 23.Kg1 Nd7
24.Kf2 Re8 25.Rc6 Rb4 26.Ke3 f6 27.Rc7 fxe5 28.Nc6 Rxf4 29.Rxd7 d4+ 30.Nxd4 Rxd4
31.Rb7 Rc8 32.Rxb3 Rc2 33.Rb8+ Kf7 34.Rb7+ Kg6 35.Rf1 Rxg2 36.Rff7 Kh6 37.Rb6 Rxh2
38.Rxe6+ g6 39.Rxe5 Rxa4 40.Ree7 Rxb2 41.Rxh7+ Kg5 42.Re6 Raa2 43.Rd6 Re2+
44.Kd4 Rf2 45.Re7 Rg2  1/2-1/2

[Event "Grand Prix I"]
[Site "Buenos Aires"]
[Date "1992.??.??"]
[Round "4"]
[White "Cativelli, Gerardo"]
[Black "Debarnot, Roberto"]
[Result "0-1"]
[WhiteElo "2225"]
[BlackElo "2350"]

1.e4 e6 2.d4 d5 3.Nc3 Nf6 4.e5 Nfd7 5.f4 c5 6.Nf3 Nc6 7.Be3 a6 8.Qd2 b5 9.dxc5 Nxc5
10.Qf2 Qe7 11.a3 Bb7 12.Be2 f5 13.exf6 gxf6 14.Nd4 O-O-O 15.O-O-O Kb8 16.Bf3 f5
17.Nxc6+ Bxc6 18.Bd4 Rg8 19.Qe3 Ne4 20.g3 Rc8 21.Kb1 Bb7 22.Nxe4 fxe4 23.Be2 Ka8
24.Qd2 Qc7 25.Rc1 Bd6 26.Rhe1 Bc6 27.Red1 Bd7 28.Be3 Rgd8 29.Qd4 Qb7 30.Qd2 Rc6
31.Bd4 Qc7 32.Bc3 Rxc3 33.Qxc3 Qxc3 34.bxc3 Bxa3 35.f5 Bxc1 36.Kxc1 Rf8 37.Bg4 exf5
38.Rxd5 Bc8 39.Bh3 Kb8 40.Re5 Rf7 41.Bg2 Kc7 42.Rc5+ Kd8 43.c4 Rc7 44.Rd5+ Ke7
45.cxb5 Be6 46.Rd4 axb5 47.Kd2 Kf6 48.g4 Ke5 49.Rb4 Rd7+ 50.Ke1 Bc4 51.gxf5 Rg7
52.f6 Rxg2 53.Rxc4 Rg8  0-1

[Event "Buenos Aires Najdorf qual"]
[Site "Buenos Aires"]
[Date "1992.??.??"]
[Round "8"]
[White "Juarez, Alberto"]
[Black "Cativelli, Gerardo"]
[Result "1-0"]
[WhiteElo "2265"]
[BlackElo "2225"]

1.e4 e6 2.d4 d5 3.Nc3 Nf6 4.e5 Nfd7 5.f4 c5 6.Nf3 Nc6 7.Be3 a6 8.Qd2 b5 9.g3 Na5
10.b3 Nc6 11.Ne2 Bb7 12.Bg2 Be7 13.O-O O-O 14.c3 b4 15.cxb4 cxd4 16.Nfxd4 Bxb4
17.Qb2 Re8 18.a3 Bc5 19.Rfc1 Nxd4 20.Bxd4 Bf8 21.Rc2 a5 22.b4 axb4 23.axb4 Rxa1+
24.Qxa1 Bxb4 25.Rb2 Qe7 26.Qa4  1-0